=LDR 00000nam 2200000 4500 =001 INLIS000000000003922 =005 20251113091937 =035 ##$$a 0010-0625000127 =007 ta =008 251113################f##########0#ind## =082 ##$$a 304.66 =084 ##$$a 304.66 BAD h =245 1#$$a Hasil Konsultasi Kabid KB-KS dan Para Kasi Bidang KB-KS BKKBN Propinsi Seluruh Indonesia /$c BADAN KOORDINASI KELUARGA BERENCANA NASIONAL =260 ##$$a Jakarta :$b Badan Koordinasi Keluarga Berencana Nasional,$c 1999 =300 ##$$a 30 hlm. : $b ilus. =650 #4$$a Keluarga Berencana =650 #4$$a Keluarga Sejahtera =110 #$$a BADAN KOORDINASI KELUARGA BERENCANA NASIONAL =856 ##$$a Perpustakaan Kemendukbangga